| 000 | 00375nam a22001337a 4500 | ||
|---|---|---|---|
| 020 | _a0-632-04262-1 | ||
| 082 |
_a624.1821 _bHAN _cN-01, P-89 |
||
| 245 |
_aPrinciples of structures _bHanaor, Ariel |
||
| 260 |
_bBlackwell science _c1998 _aLondon |
||
| 300 |
_ax, 182 p.: _bill.; _c20 cm. |
||
| 526 |
_a0 _b0 _c0 _d624_182100000000000_HAM |
||
| 650 |
_aNUST _96342 |
||
| 942 |
_2ddc _cBK |
||
| 999 |
_c541576 _d541576 |
||